• 首页
  • 本馆介绍
  • 公告通知
  • 最新文献
  • 馆藏检索
  • 电子资源
  • 读者导购
  • 参考咨询
  • 我的图书馆
  • 登录
  • 详细信息显示
  • 放入我的书架
  • 预约/预借图书
  • 作者相关作品
  • 分类相关作品
  • 丛书相关作品
  • 出版社相关作品

书目信息

  • 表格格式
  • 工作单格式
  • 卡片格式
题名:
实践与真理
    
 
作者: 陶德麟 著
分册:  
出版信息: 北京   人民出版社  2017
页数: 462页
开本: 24cm
丛书名: 中国实践中国话语丛书
单 册:
中图分类: B023.3 , B023
科图分类:
主题词: 真理的标准--研究 , 辩证唯物主义--认识论--研究
电子资源:
ISBN: 978-7-01-017640-6
000 01629oam2 2200301 450
001 3939
005 20180527204728.03
010    @a978-7-01-017640-6@dCNY78.00
100    @a20171222d2017 em y0chiy50 ea
101 0  @achi
102    @aCN@b110000
105    @ay z 000yy
200 1  @a实践与真理@9shi jian yu zhen li@e认识论研究@f陶德麟著
210    @a北京@c人民出版社@d2017
215    @a462页@d24cm
225 1  @a中国实践中国话语丛书
304    @a武汉大学马克思主义理论与中国实践协同创新中心组编
314    @a陶德麟(1931-),武汉大学人文社会科学资深教授,前校长。先后任国务院学位委员会哲学学科评议组召集人、全国博士后哲学评议组召集人、全国普通高校哲学教学指导委员会主任委员、国家社科基金哲学评议组召集人、中央马克思主义工程课题组首席专家、中国社会科学院马克思主义研究院顾问、教育部社科委员兼哲学学部召集人、湖北省社科联主席、美国依阿华大学亚太研究中心国际顾问等。首批国家级有突出贡献专家。
330    @a本书共分四部分:第一部分“真理标准问题探析”收录1978年前后陶先生参加真理标准问题大讨论期间以及后来发表的8篇相关文章;第二部分“认识论散论”收录陶先生结合实际谈认识论问题的一组文章,共19篇;第三部分“《实践论》浅释”主要从认识论角度看实践问题;第四部分附录收两篇文章,一篇是2008年为纪念改革开放三十周年而作的《参加1978年真理标准讨论会的前前后后》,另一篇是《光明日报》专访《陶德麟:笔有雷鸣道不孤》。
461  0 @12001 @a中国实践中国话语丛书
517 1  @a认识论研究@9ren shi lun yan jiu
606 0  @a真理的标准@x研究
606 0  @a辩证唯物主义@x认识论@x研究
690    @aB023.3@v5
690    @aB023@v5
701  0 @a陶德麟@9tao de lin@f(1931- )@4著
801  0 @aCN@b91MARC@c20171222
905    @aMuseLib@dB023.3@e127
    
    实践与真理:认识论研究/陶德麟著.-北京:人民出版社,2017
    462页;24cm.-(中国实践中国话语丛书)
    
    
    ISBN 978-7-01-017640-6:CNY78.00
    本书共分四部分:第一部分“真理标准问题探析”收录1978年前后陶先生参加真理标准问题大讨论期间以及后来发表的8篇相关文章;第二部分“认识论散论”收录陶先生结合实际谈认识论问题的一组文章,共19篇;第三部分“《实践论》浅释”主要从认识论角度看实践问题;第四部分附录收两篇文章,一篇是2008年为纪念改革开放三十周年而作的《参加1978年真理标准讨论会的前前后后》,另一篇是《光明日报》专访《陶德麟:笔有雷鸣道不孤》。
●
相关链接 在E读中查询图书 在五车中查询图书 在当当中查询图书 在豆瓣中查询图书


正题名:实践与真理     索取号:B023.3/127         预约/预借

序号 登录号 条形码 馆藏地/架位号 状态 备注
1 1111242   211112428   第一样本阅览室/ [索取号:B023.3/127] 在馆    
2 1111243   211112437   教育系资料室/ [索取号:B023.3/127] 在馆    
3 1111244   211112446   教育系资料室/ [索取号:B023.3/127] 在馆    
4 1111245   211112455   第一借阅区/ [索取号:B023.3/127] 在馆    
唐山师范学院图书馆 欢迎您!
大连网信软件有限公司© 版权所有